[Event "Mondiale Lampo FIDE 2017"]
[Site "Riyadh"]
[Date "29.12.2017"]
[Round "5.25"]
[White "Wang, Yue"]
[Black "Jumabayev, Rinat"]
[Result "1/2-1/2"]
[WhiteTitle "GM"]
[BlackTitle "GM"]
[WhiteElo "2690"]
[BlackElo "2612"]
[WhiteFideId "8601429"]
[BlackFideId "13702661"]
[EventDate "2017.12.29"]

1. d4 Nf6 2. c4 g6 3. Nc3 d5 4. Bf4 Bg7 5. e3 c5 6. dxc5 Qa5 7. Qa4+ Qxa4 8.
Nxa4 Bd7 9. Nc3 Bc6 10. Nf3 Nbd7 11. cxd5 Nxd5 12. Nxd5 Bxd5 13. Bb5 Bxb2 14.
Rb1 Bc3+ 15. Ke2 a6 16. Bxd7+ Kxd7 17. Rhd1 Kc6 18. Ne5+ Bxe5 19. Bxe5 Bc4+ 20.
Ke1 Rhd8 21. Rb6+ Kxc5 22. Rdb1 Bxa2 23. Bd4+ Kd5 24. Ra1 e5 25. Bc3 Bc4 26.
Rxb7 Ke6 27. Ra5 f6 28. Rb6+ Rd6 29. Rxd6+ Kxd6 30. f4 Bb5 31. fxe5+ fxe5 32.
Ra1 Rc8 33. Rd1+ Ke6 34. Bb4 Rc2 35. Rd2 Rc1+ 36. Rd1 Rc2 37. Rd2 Rc4 38. Rd6+
Kf5 39. Bd2 h5 40. Kf2 h4 41. h3 Ra4 42. Kf3 e4+ 43. Kf2 Ra1 44. Be1 Ra2+ 45.
Rd2 Ra1 46. Rd5+ Ke6 47. Rd4 Ke5 48. Rd8 Rc1 49. Rd4 Bd3 50. Rd8 g5 51. Re8+ Kf6
52. Rf8+ Kg7 53. Rf5 Kg6 54. Rf8 a5 55. Ra8 Rc2+ 56. Kg1 Re2 57. Bxa5 Rxe3 58.
Bb6 Re1+ 59. Kf2 Rf1+ 60. Ke3 Re1+ 61. Kd4 Bf1 62. Ra2 Bd3 63. Ba5 Rg1 64. Ke3
g4 65. hxg4 Kg5 66. Kf2 Rf1+ 67. Ke3 Kxg4 68. Rb2 Rf5 69. Bc7 Rc5 70. Bd6 Rd5
71. Bc7 Rg5 72. Rb8 Kf5 73. Rf8+ Ke6 74. Rh8 Rxg2 75. Rxh4 Kd5 76. Rh5+ Kc4 77.
Bb6 Rg3+ 78. Kd2 Rg2+ 79. Ke3 Re2+ 80. Kf4 Kb3 81. Be3 Re1 82. Rg5 Rf1+ 83. Ke5
Kc2 84. Rg1 Rxg1 85. Bxg1 1/2-1/2

[Event "Mondiale Lampo FIDE 2017"]
[Site "Riyadh"]
[Date "29.12.2017"]
[Round "5.26"]
[White "Jobava, Baadur"]
[Black "Almasi, Zoltan"]
[Result "1-0"]
[WhiteTitle "GM"]
[BlackTitle "GM"]
[WhiteElo "2690"]
[BlackElo "2682"]
[WhiteFideId "13601520"]
[BlackFideId "702293"]
[EventDate "2017.12.29"]

1. b3 e5 2. Bb2 d6 3. e3 g6 4. d4 Nd7 5. dxe5 dxe5 6. Nc3 Bg7 7. Qe2 Ngf6 8.
O-O-O O-O 9. g4 c6 10. g5 Nh5 11. Bh3 Qe7 12. Bg4 Nc5 13. Bxh5 gxh5 14. Qxh5 a5
15. Nge2 a4 16. Ng3 axb3 17. axb3 e4 18. Rd4 Ne6 19. Nf5 Qxg5 20. Qxg5 Nxg5 21.
Nxg7 Kxg7 22. Nxe4 Nxe4 23. Rg1+ 1-0

[Event "Mondiale Lampo FIDE 2017"]
[Site "Riyadh"]
[Date "29.12.2017"]
[Round "5.27"]
[White "Nepomniachtchi, Ian"]
[Black "Miton, Kamil"]
[Result "1-0"]
[WhiteTitle "GM"]
[BlackTitle "GM"]
[WhiteElo "2729"]
[BlackElo "2584"]
[WhiteFideId "4168119"]
[BlackFideId "1111914"]
[EventDate "2017.12.29"]

1. e4 e6 2. d4 d5 3. Nc3 dxe4 4. Nxe4 Bd7 5. Nf3 Bc6 6. Bd3 Nd7 7. O-O Ngf6 8.
Ng3 g6 9. b3 Bg7 10. Ba3 Bf8 11. Bb2 Bg7 12. c4 O-O 13. b4 b6 14. a4 a5 15. b5
Bb7 16. Qe2 Re8 17. Rad1 Qc8 18. Ne4 Nxe4 19. Bxe4 c5 20. Bxb7 Qxb7 21. Rfe1
Rad8 22. d5 Bxb2 23. Qxb2 exd5 24. Rxe8+ Rxe8 25. Rxd5 Qc7 26. g3 Nf8 27. Ne5
Qe7 28. Ng4 Qe1+ 29. Kg2 Qe4+ 30. Kh3 Qe2 31. Nh6# 1-0

[Event "Mondiale Lampo FIDE 2017"]
[Site "Riyadh"]
[Date "29.12.2017"]
[Round "5.28"]
[White "Socko, Bartosz"]
[Black "Artemiev, Vladislav"]
[Result "1-0"]
[WhiteTitle "GM"]
[BlackTitle "GM"]
[WhiteElo "2593"]
[BlackElo "2691"]
[WhiteFideId "1107038"]
[BlackFideId "24101605"]
[EventDate "2017.12.29"]

1. d4 g6 2. e4 d6 3. Nc3 Bg7 4. Be3 Nf6 5. h3 c6 6. a4 Qa5 7. Qd2 b5 8. b4 Qxb4
9. axb5 c5 10. Nf3 O-O 11. Bd3 cxd4 12. Bxd4 e5 13. Ra4 Qxa4 14. Nxa4 exd4 15.
O-O Nbd7 16. Nxd4 Bb7 17. Re1 Rfe8 18. Nc6 a6 19. Nc3 Nc5 20. Na5 axb5 21. Nxb7
Nxb7 22. Bxb5 Rec8 23. Nd5 Rc5 24. c4 Kh8 25. g3 Rcc8 26. Nb6 Nc5 27. Nxa8 Rxa8
28. Qxd6 Rc8 29. e5 Nfe4 30. Qd5 Ng5 31. Kg2 Bf8 32. Ra1 Nge6 33. Ra8 Rxa8 1-0

[Event "Mondiale Lampo FIDE 2017"]
[Site "Riyadh"]
[Date "29.12.2017"]
[Round "5.30"]
[White "Le, Quang Liem"]
[Black "Volokitin, Andrei"]
[Result "1-0"]
[WhiteTitle "GM"]
[BlackTitle "GM"]
[WhiteElo "2737"]
[BlackElo "2628"]
[WhiteFideId "12401137"]
[BlackFideId "14107090"]
[EventDate "2017.12.29"]

1. d4 Nf6 2. Nf3 g6 3. Bf4 Bg7 4. e3 d6 5. h3 c5 6. c3 Qb6 7. Qb3 Be6 8. Qxb6
axb6 9. a3 Bd7 10. Nbd2 Bc6 11. Bd3 O-O 12. O-O Nbd7 13. e4 cxd4 14. cxd4 e5 15.
Bh2 exd4 16. Bxd6 Rfe8 17. e5 Nd5 18. Rfe1 Nf4 19. Bf1 Ne6 20. b4 b5 21. g3 Nb6
22. Nh2 Nc8 23. Nb3 Nxd6 24. exd6 Rad8 25. Na5 Rxd6 26. Bg2 d3 27. Rad1 d2 28.
Re3 Red8 29. Bxc6 bxc6 30. Nb7 Bh6 31. Re4 Nd4 32. Nxd6 Rxd6 33. f4 Bf8 34. Nf1
c5 35. bxc5 Rd5 36. Ne3 Rd8 37. Kg2 Nb3 38. c6 Rc8 39. Rb1 Nc1 40. Rd4 Rxc6 41.
Rxd2 Bxa3 42. Rxb5 Rc3 43. Nd5 Rc6 44. Ra5 1-0

[Event "Mondiale Lampo FIDE 2017"]
[Site "Riyadh"]
[Date "29.12.2017"]
[Round "5.32"]
[White "Mamedov, Rauf"]
[Black "Fressinet, Laurent"]
[Result "1/2-1/2"]
[WhiteTitle "GM"]
[BlackTitle "GM"]
[WhiteElo "2709"]
[BlackElo "2662"]
[WhiteFideId "13401653"]
[BlackFideId "608742"]
[EventDate "2017.12.29"]

1. e4 e5 2. Nc3 Nc6 3. g3 Bc5 4. Bg2 d6 5. d3 Nge7 6. Na4 a6 7. Nxc5 dxc5 8. f4
f5 9. exf5 Bxf5 10. Nf3 e4 11. Nh4 exd3 12. Nxf5 Nxf5 13. cxd3 Qe7+ 14. Be4
O-O-O 15. O-O Ncd4 16. Re1 Qd7 17. Bd2 Nd6 18. Bg2 Qf5 19. Bc3 Rhe8 20. Bxd4
cxd4 21. Qb3 Re3 22. Rac1 Qxd3 23. Qd5 Rxe1+ 24. Rxe1 Qd2 25. Kf1 d3 26. Qg5 Rg8
27. Qd5 Rd8 28. Qg5 Rg8 29. Qd5 Rd8 30. Qg5 1/2-1/2

[Event "Mondiale Lampo FIDE 2017"]
[Site "Riyadh"]
[Date "29.12.2017"]
[Round "5.33"]
[White "Howell, David W L"]
[Black "Ponomariov, Ruslan"]
[Result "1/2-1/2"]
[WhiteTitle "GM"]
[BlackTitle "GM"]
[WhiteElo "2676"]
[BlackElo "2694"]
[WhiteFideId "410608"]
[BlackFideId "14103320"]
[EventDate "2017.12.29"]

1. c4 e5 2. Nc3 Nc6 3. g3 Bc5 4. Bg2 a6 5. e3 d6 6. Nf3 Nf6 7. O-O O-O 8. h3 Ba7
9. d4 h6 10. dxe5 dxe5 11. Qxd8 Rxd8 12. b3 Be6 13. Ba3 Rd7 14. Rfd1 Rad8 15.
Rxd7 Rxd7 16. Rd1 Rxd1+ 17. Nxd1 Nd7 18. Nd2 f5 19. Bxc6 bxc6 20. Kg2 e4 21. f4
exf3+ 22. Nxf3 Kf7 23. Nd4 Ne5 24. Nxe6 Kxe6 25. Bb2 g6 26. Bxe5 Kxe5 27. Kf3
Bc5 28. Nf2 Bd6 29. Nd3+ Ke6 30. Nc1 h5 31. Ne2 c5 32. h4 Be5 33. Nc1 Bd6 34.
Nd3 Kf6 35. Nf2 Ke5 36. Nd3+ Kf6 37. Nf4 Be5 38. Nd5+ Ke6 39. Nf4+ Kf6 40. Nd3
Bd6 41. Nc1 1/2-1/2

[Event "Mondiale Lampo FIDE 2017"]
[Site "Riyadh"]
[Date "29.12.2017"]
[Round "5.34"]
[White "Mchedlishvili, Mikheil"]
[Black "McShane, Luke J"]
[Result "1/2-1/2"]
[WhiteTitle "GM"]
[BlackTitle "GM"]
[WhiteElo "2603"]
[BlackElo "2640"]
[WhiteFideId "13600966"]
[BlackFideId "404853"]
[EventDate "2017.12.29"]

1. d4 Nf6 2. Bg5 Ne4 3. Bf4 d6 4. Nd2 Bf5 5. f3 Nxd2 6. Qxd2 d5 7. e3 e6 8. Ne2
Be7 9. Nc3 c6 10. e4 Bg6 11. O-O-O Nd7 12. Bd3 b5 13. exd5 exd5 14. h4 Bxd3 15.
Qxd3 O-O 16. Kb1 a5 17. Ne2 b4 18. Bg5 Re8 19. Rde1 Nf8 20. Qd2 a4 21. Nc1 Ne6
22. Bxe7 Qxe7 23. Nd3 b3 24. Nc5 bxa2+ 25. Ka1 Qf6 26. Nxe6 Rxe6 27. Rxe6 Qxe6
28. Re1 Qf6 29. Qe3 h6 30. g3 Qg6 31. Qf2 Qd6 32. c3 Qb8 33. Rc1 Qb3 34. Qc2 Re8
35. Qd2 a3 36. bxa3 Qxa3 37. Qb2 Qd6 38. Qf2 Qa3 39. Qb2 Qxb2+ 40. Kxb2 Re2+ 41.
Kb3 Rf2 42. f4 h5 43. Ra1 Kh7 44. Kb4 Rc2 45. Kb3 Rg2 46. Kb4 Kg6 47. Kc5 Rxg3
48. Kxc6 Rxc3+ 49. Kxd5 Ra3 50. Ke5 f6+ 51. Ke6 Ra6+ 52. Ke7 Kf5 53. d5 Ra7+ 54.
Ke8 Kxf4 55. d6 Ra8+ 56. Ke7 g5 57. hxg5 fxg5 58. d7 g4 59. Rxa2 Rh8 60. Rf2+
Kg3 61. Rf8 Rh7+ 62. Rf7 Rh8 63. Rf8 Rh7+ 1/2-1/2

[Event "Mondiale Lampo FIDE 2017"]
[Site "Riyadh"]
[Date "29.12.2017"]
[Round "5.35"]
[White "Guseinov, Gadir"]
[Black "Alekseev, Evgeny"]
[Result "1/2-1/2"]
[WhiteTitle "GM"]
[BlackTitle "GM"]
[WhiteElo "2646"]
[BlackElo "2616"]
[WhiteFideId "13401378"]
[BlackFideId "4138147"]
[EventDate "2017.12.29"]

1. e4 e5 2. Nf3 Nc6 3. Bb5 Nf6 4. O-O Nxe4 5. d4 Nd6 6. Bxc6 dxc6 7. dxe5 Nf5 8.
Qxd8+ Kxd8 9. h3 Ke8 10. Nc3 Ne7 11. Re1 h6 12. Ne4 Ng6 13. b3 c5 14. a4 Be6 1/2-1/2

[Event "Mondiale Lampo FIDE 2017"]
[Site "Riyadh"]
[Date "29.12.2017"]
[Round "5.36"]
[White "Zhao, Jun"]
[Black "Kokarev, Dmitry"]
[Result "1-0"]
[WhiteTitle "GM"]
[BlackTitle "GM"]
[WhiteElo "2604"]
[BlackElo "2615"]
[WhiteFideId "8602522"]
[BlackFideId "4132181"]
[EventDate "2017.12.29"]

1. Nf3 Nf6 2. g3 g6 3. Bg2 Bg7 4. O-O O-O 5. d3 c5 6. Nc3 Nc6 7. a3 Rb8 8. Rb1
b6 9. b4 d6 10. Bg5 Bb7 11. Qd2 Rc8 12. bxc5 dxc5 13. Bxf6 exf6 14. Ne4 Qe7 15.
c4 f5 16. Nc3 Bxc3 17. Qxc3 Rcd8 18. Rfe1 Rfe8 19. h4 Qd6 20. Qc1 Qf6 21. Qh6
Re7 22. Ng5 Qg7 23. Qxg7+ Kxg7 24. Kf1 Nd4 25. Bxb7 Rxb7 26. Nh3 Ne6 27. Ng5
Rbd7 28. Nxe6+ fxe6 29. a4 Rd6 30. a5 Kf6 31. Rb5 Rc6 32. axb6 axb6 33. Ra1 h6
34. Ra7 g5 35. h5 g4 36. Rb7 Rdd6 37. Kg2 Kg5 38. Rg7+ Kf6 39. Rg6+ Ke5 40. Rxh6
Rd7 41. Rh8 Ra7 42. h6 Kf6 43. Rb8 Kg6 44. R5xb6 Rac7 45. Rxc6 Rxc6 46. Rh8 Ra6
47. Rc8 Ra2 48. e3 Rd2 49. Rxc5 Rxd3 50. Rc6 Kxh6 51. Rxe6+ Kg5 52. c5 Rc3 53.
c6 Rc2 54. Kf1 Kh5 55. Ke1 1-0

[Event "Mondiale Lampo FIDE 2017"]
[Site "Riyadh"]
[Date "29.12.2017"]
[Round "5.37"]
[White "Rakhmanov, Aleksandr"]
[Black "Riazantsev, Alexander"]
[Result "1-0"]
[WhiteTitle "GM"]
[BlackTitle "GM"]
[WhiteElo "2653"]
[BlackElo "2650"]
[WhiteFideId "4173708"]
[BlackFideId "4125029"]
[EventDate "2017.12.29"]

1. c4 e6 2. e4 d5 3. exd5 exd5 4. d4 Nf6 5. Nc3 Bb4 6. Bd3 dxc4 7. Bxc4 O-O 8.
Ne2 Nbd7 9. O-O Nb6 10. Bb3 c6 11. Bg5 Be7 12. Re1 h6 13. Bh4 Nbd5 14. Nxd5 Nxd5
15. Bxe7 Nxe7 16. Nf4 Qd6 17. Qf3 Bd7 18. Rad1 Rae8 19. d5 c5 20. Ne6 b5 21.
Nxf8 Rxf8 22. Qg3 Nc8 23. a4 c4 24. Ba2 a6 25. axb5 axb5 26. b3 Qxg3 27. hxg3
Nd6 28. bxc4 bxc4 29. Rb1 Bf5 30. Rb6 Rd8 31. Rc6 Bd3 32. Bb1 Nf5 33. Bxd3 cxd3
34. Rc5 Nd4 35. Rd1 d2 36. Kh2 Kf8 37. Kh3 Re8 38. Rc4 Nb3 39. d6 Rd8 40. Rc3
Nd4 41. Rxd2 Nf5 42. d7 Ke7 43. Rc5 g6 44. Re5+ Kf8 45. g4 Ng7 46. f4 Ne6 47. f5
Ng5+ 48. Kh2 Nh7 49. Rc5 Nf6 50. Rc8 Ke7 51. Rxd8 Kxd8 52. fxg6 fxg6 53. Rd6
Nxg4+ 54. Kg3 Ne5 55. Kf4 Nxd7 56. Rxg6 h5 57. Rh6 Ke7 58. Rxh5 Kf6 59. Rh6+ Kg7
60. Rd6 Nc5 61. g4 Kf7 62. Kf5 Ke7 63. Rd5 Na4 64. Kg6 Nb6 65. Re5+ Kd6 66. Re1
Nd5 67. g5 Nf4+ 68. Kh7 Kd5 1-0

[Event "Mondiale Lampo FIDE 2017"]
[Site "Riyadh"]
[Date "29.12.2017"]
[Round "5.38"]
[White "Bu, Xiangzhi"]
[Black "Adhiban, Baskaran"]
[Result "0-1"]
[WhiteTitle "GM"]
[BlackTitle "GM"]
[WhiteElo "2730"]
[BlackElo "2655"]
[WhiteFideId "8601445"]
[BlackFideId "5018471"]
[EventDate "2017.12.29"]

1. c4 d6 2. d4 e5 3. Nf3 e4 4. Nfd2 f5 5. Nc3 Nf6 6. e3 Be7 7. Be2 c6 8. Qc2 O-O
9. b4 Na6 10. a3 d5 11. Bb2 Nc7 12. c5 f4 13. exf4 Ne6 14. Nd1 Nxf4 15. Ne3 Nxe2
16. Kxe2 Nh5 17. g3 Bg5 18. Raf1 Bh3 19. Qb3 Bxf1+ 20. Rxf1 a5 21. Nxe4 axb4 22.
Nxg5 Qxg5 23. axb4 Nf6 24. f3 Qh5 25. g4 Qxh2+ 26. Rf2 Qf4 27. Rf1 Rae8 28. Kd2
Nxg4 29. fxg4 Rxe3 0-1

[Event "Mondiale Lampo FIDE 2017"]
[Site "Riyadh"]
[Date "29.12.2017"]
[Round "5.39"]
[White "Ni, Hua"]
[Black "Laznicka, Viktor"]
[Result "0-1"]
[WhiteTitle "GM"]
[BlackTitle "GM"]
[WhiteElo "2671"]
[BlackElo "2647"]
[WhiteFideId "8601160"]
[BlackFideId "316385"]
[EventDate "2017.12.29"]

1. d4 d5 2. c4 c6 3. Nf3 Nf6 4. e3 a6 5. Nc3 b5 6. b3 Bg4 7. Be2 e6 8. O-O Nbd7
9. Bb2 Qb8 10. c5 a5 11. h3 Bh5 12. a3 Be7 13. b4 a4 14. Ne5 Nxe5 15. dxe5 Qxe5
16. Nxa4 Bxe2 17. Qxe2 Qc7 18. Nb6 Ra7 19. a4 bxa4 20. Rxa4 Rxa4 21. Nxa4 Qb7
22. Nb6 O-O 23. Rc1 Bd8 24. b5 Ne4 25. Bd4 f6 26. f4 Bc7 27. Qg4 Re8 28. Nd7 Bd8
29. Nb6 e5 30. fxe5 fxe5 31. Bb2 Bxb6 32. bxc6 Qxc6 33. cxb6 Qxb6 34. Qe2 Ng3
35. Qc2 Qxe3+ 36. Kh2 Qf4 37. Kg1 d4 38. Qc4+ Kh8 39. Qc6 Rf8 40. Ra1 h5 41. Qc5
h4 42. Qe7 Qf1+ 0-1

[Event "Mondiale Lampo FIDE 2017"]
[Site "Riyadh"]
[Date "29.12.2017"]
[Round "5.40"]
[White "Pantsulaia, Levan"]
[Black "Dervishi, Erald"]
[Result "1-0"]
[WhiteTitle "GM"]
[BlackTitle "GM"]
[WhiteElo "2612"]
[BlackElo "2552"]
[WhiteFideId "13602071"]
[BlackFideId "4700236"]
[EventDate "2017.12.29"]

1. Nf3 Nf6 2. g3 b6 3. Bg2 Bb7 4. O-O e6 5. c4 Be7 6. Nc3 O-O 7. d4 Ne4 8. Qc2
d5 9. cxd5 exd5 10. Bf4 Na6 11. Rac1 c5 12. Rfd1 Qc8 13. dxc5 Nxc3 14. Qxc3 bxc5
15. e3 Rd8 16. Qa5 c4 17. Be5 Nc5 18. Bd4 Ne4 19. b3 Qe6 20. bxc4 dxc4 21. Ne5
Bd5 22. Nxc4 Bxc4 23. Bxe4 Qxe4 24. Rxc4 Qf3 25. Rdc1 h6 26. Rc7 Bf8 27. Qa6
Rab8 28. Rxa7 Rxd4 29. exd4 Rb2 30. Rf1 Kh7 31. Qc4 f6 32. Ra5 Bb4 33. Qd5 Qxd5
34. Rxd5 Rxa2 35. Rb1 Bc3 36. Rd7 Rd2 37. d5 Bd4 38. Rf1 Kg6 39. Kg2 h5 40. h4
f5 41. Kf3 Kf6 42. Rd6+ Ke5 43. Rd7 g6 44. Re1+ Kf6 45. Re6# 1-0

[Event "Mondiale Lampo FIDE 2017"]
[Site "Riyadh"]
[Date "29.12.2017"]
[Round "5.41"]
[White "Sethuraman, S.P."]
[Black "Adly, Ahmed"]
[Result "1-0"]
[WhiteTitle "GM"]
[BlackTitle "GM"]
[WhiteElo "2646"]
[BlackElo "2637"]
[WhiteFideId "5021596"]
[BlackFideId "10601619"]
[EventDate "2017.12.29"]

1. e4 c5 2. Nf3 d6 3. d4 Nf6 4. Nc3 cxd4 5. Nxd4 Nc6 6. Bg5 Bd7 7. Qd2 Rc8 8.
Nb3 h6 9. Bxf6 gxf6 10. Bd3 h5 11. f4 h4 12. O-O-O Bh6 13. Kb1 Ne5 14. Rhf1 Rg8
15. Nd5 e6 16. Ne3 Nxd3 17. Qxd3 Bc6 18. Nd4 a6 19. e5 dxe5 20. Qh7 exd4 21.
Qxg8+ Ke7 22. Qh7 Qb6 23. Ng4 Bf8 24. Qxh4 Be4 25. Qxf6+ Ke8 26. Rf2 d3 27. cxd3
Bf5 28. Ne5 Rc7 29. Rc2 Ba3 30. Nc4 Rxc4 31. Rxc4 Be7 32. Qc3 Bd6 33. h3 Qf2 34.
g4 Bg6 35. f5 exf5 36. Qf6 Kd7 37. Rd4 Qg3 38. gxf5 Bh5 39. Rc1 Be2 40. Qxf7+
Kd8 41. Qe6 Bxd3+ 42. Ka1 Bb5 43. Rc8# 1-0

[Event "Mondiale Lampo FIDE 2017"]
[Site "Riyadh"]
[Date "29.12.2017"]
[Round "5.42"]
[White "Halkias, Stelios"]
[Black "Saric, Ivan"]
[Result "0-1"]
[WhiteTitle "GM"]
[BlackTitle "GM"]
[WhiteElo "2571"]
[BlackElo "2669"]
[WhiteFideId "4201809"]
[BlackFideId "14508150"]
[EventDate "2017.12.29"]

1. Nf3 g6 2. d4 Nf6 3. c4 d6 4. Nc3 Bg7 5. g3 c6 6. Bg2 Bf5 7. O-O Ne4 8. Bd2
O-O 9. Rc1 Nxd2 10. Qxd2 e5 11. Rfd1 Nd7 12. h3 Nb6 13. b3 Qe7 14. e4 Be6 15. d5
cxd5 16. cxd5 Bd7 17. a4 Rac8 18. a5 Na8 19. Qe3 a6 20. Qa7 Bh6 21. Rc2 f5 22.
Nd2 Rc7 23. Ndb1 fxe4 24. Bxe4 Bxh3 25. Na4 Rxc2 26. Bxc2 e4 27. Re1 e3 28. fxe3
Qf6 29. Bd3 Qf2+ 0-1

[Event "Mondiale Lampo FIDE 2017"]
[Site "Riyadh"]
[Date "29.12.2017"]
[Round "5.43"]
[White "Al-Sayed, Mohammed"]
[Black "Movsesian, Sergei"]
[Result "0-1"]
[WhiteTitle "GM"]
[BlackTitle "GM"]
[WhiteElo "2511"]
[BlackElo "2647"]
[WhiteFideId "12100196"]
[BlackFideId "310204"]
[EventDate "2017.12.29"]

1. d4 d5 2. Bf4 Nf6 3. e3 c5 4. c3 Nc6 5. Nd2 e6 6. Ngf3 cxd4 7. exd4 Nh5 8. Be3
Bd6 9. Ne5 Nf6 10. f4 O-O 11. Bd3 Ne7 12. O-O Nf5 13. Bf2 Be7 14. Qf3 Qc7 15. g4
Nd6 16. g5 Nfe4 17. Nxe4 dxe4 18. Bxe4 Nxe4 19. Qxe4 a5 20. Bg3 a4 21. a3 Ra6
22. Rae1 b5 23. Qe2 Qd8 24. Qxb5 Rb6 25. Qxa4 Bd6 26. Nc4 Ra6 27. Qc2 Bb7 28.
Re3 Bb8 29. Nd2 Qd5 30. Qe4 Qb5 31. Qc2 Rd8 32. f5 Bxg3 33. hxg3 Qc6 34. Nf3 Qc7
35. Kf2 Bd5 36. fxe6 Bxe6 37. Rfe1 g6 38. Re5 Rb6 39. b4 Ra8 40. Qc1 Rba6 41.
Rc5 Qd8 42. d5 Bf5 43. Qf4 Rxa3 44. Re2 Ra2 45. d6 Rxe2+ 46. Kxe2 Ra2+ 47. Ke3
Be6 48. Qf6 Qa8 49. Qe5 Qa3 50. Kf4 Qc1+ 51. Qe3 Qd1 52. Rc7 Qxd6+ 53. Qe5 Qd8
54. Nd4 Rf2+ 55. Ke3 Ra2 56. Nxe6 Qd2+ 57. Kf3 Qg2+ 58. Kg4 h5+ 59. gxh6 f5+ 60.
Kg5 Qd2+ 61. Kf6 0-1

[Event "Mondiale Lampo FIDE 2017"]
[Site "Riyadh"]
[Date "29.12.2017"]
[Round "5.44"]
[White "Vallejo Pons, Francisco"]
[Black "Malakhatko, Vadim"]
[Result "1-0"]
[WhiteTitle "GM"]
[BlackTitle "GM"]
[WhiteElo "2707"]
[BlackElo "2542"]
[WhiteFideId "2205530"]
[BlackFideId "14104202"]
[EventDate "2017.12.29"]

1. e4 c5 2. Nf3 e6 3. d4 cxd4 4. Nxd4 Nc6 5. Nc3 Qc7 6. Qd3 a6 7. Nxc6 bxc6 8.
Qg3 Qxg3 9. hxg3 Rb8 10. b3 Bb4 11. Bb2 d5 12. O-O-O Nf6 13. f3 O-O 14. Bd3 h6
15. g4 Nd7 16. g5 Be7 17. gxh6 Bg5+ 18. Kb1 Bxh6 19. Na4 f5 20. exf5 exf5 21. c4
Nf6 22. Rde1 dxc4 23. Bxc4+ Nd5 24. Nc5 Kf7 25. Be5 Ra8 26. Bd6 Rd8 27. Bc7 Re8
28. Rxe8 Kxe8 29. Re1+ Kf7 30. Bd6 Kf6 31. Re8 1-0

[Event "Mondiale Lampo FIDE 2017"]
[Site "Riyadh"]
[Date "29.12.2017"]
[Round "5.45"]
[White "Nguyen, Ngoc Truong Son"]
[Black "Tregubov, Pavel V."]
[Result "1/2-1/2"]
[WhiteTitle "GM"]
[BlackTitle "GM"]
[WhiteElo "2630"]
[BlackElo "2575"]
[WhiteFideId "12401110"]
[BlackFideId "4115341"]
[EventDate "2017.12.29"]

1. d4 Nf6 2. Nf3 c5 3. d5 b5 4. Bg5 Qb6 5. Bxf6 Qxf6 6. c3 g6 7. e4 Qb6 8. Nbd2
Bg7 9. a4 b4 10. a5 Qc7 11. Qc2 bxc3 12. bxc3 O-O 13. Bd3 d6 14. O-O Ba6 15.
Bxa6 Nxa6 16. Nc4 Rab8 17. Rfb1 Rxb1+ 18. Rxb1 Rb8 19. Rb3 Rxb3 20. Qxb3 Qb8 21.
Qxb8+ Nxb8 22. e5 Kf8 23. exd6 exd6 24. Nxd6 Bxc3 25. Nc4 Ke7 26. Ng5 h6 27. Ne4
Bd4 28. Ned6 a6 29. Nc8+ Kd8 30. N8b6 Nd7 31. Nxd7 Kxd7 32. g4 f5 33. gxf5 gxf5
34. Kg2 Ke7 35. Kg3 Kf6 36. f3 Kg5 37. h4+ Kf6 38. Kf4 h5 39. Kg3 Be5+ 40. f4
Bd4 41. Kf3 Bc3 42. Ke2 Ke7 43. Ne3 Kd6 44. Kd3 Bxa5 45. Kc4 Be1 46. Nxf5+ Kd7
47. Kxc5 Bd2 48. Ng3 Bxf4 49. Nf5 Bd2 50. Kc4 Be1 51. Kc5 Bf2+ 52. Kb4 Be1+ 53.
Kc5 Bf2+ 1/2-1/2

[Event "Mondiale Lampo FIDE 2017"]
[Site "Riyadh"]
[Date "29.12.2017"]
[Round "5.46"]
[White "Al Jabri, Mohammed Ali"]
[Black "Anton Guijarro, David"]
[Result "0-1"]
[BlackTitle "GM"]
[WhiteElo "2154"]
[BlackElo "2666"]
[WhiteFideId "7604734"]
[BlackFideId "2285525"]
[EventDate "2017.12.29"]

1. e4 e5 2. Nf3 Nc6 3. Bc4 Bc5 4. b4 Bxb4 5. c3 Bd6 6. d4 Nf6 7. O-O O-O 8. Re1
h6 9. h3 Re8 10. Nbd2 b6 11. Qc2 Bb7 12. a3 Nh5 13. Nf1 Bf8 14. Be2 Nf6 15. Bc4
d5 16. exd5 Nxd5 17. dxe5 Na5 18. Bd3 c5 19. c4 Nc7 20. Be4 Bxe4 21. Qxe4 Ne6
22. Bb2 Qd7 23. Ne3 Qa4 24. Rac1 Rad8 25. Nf5 Qc6 26. Qg4 Kh8 27. Qg3 Rd7 28.
Qg4 Red8 29. Rc2 Rd1 30. Rxd1 Rxd1+ 31. Kh2 Rd7 32. Ne3 Qa4 33. Nd5 Qxc2 0-1

[Event "Mondiale Lampo FIDE 2017"]
[Site "Riyadh"]
[Date "29.12.2017"]
[Round "5.47"]
[White "Li, Chao b"]
[Black "Van Foreest, Jorden"]
[Result "1-0"]
[WhiteTitle "GM"]
[BlackTitle "GM"]
[WhiteElo "2732"]
[BlackElo "2629"]
[WhiteFideId "8604436"]
[BlackFideId "1039784"]
[EventDate "2017.12.29"]

1. c4 c6 2. d4 d5 3. cxd5 cxd5 4. Bf4 Nc6 5. e3 Nf6 6. Nc3 g6 7. h3 Ne4 8. Rc1
Bg7 9. Nf3 O-O 10. Bd3 Bf5 11. O-O Rc8 12. Bxe4 dxe4 13. Nd2 e5 14. dxe5 Nxe5
15. Bxe5 Bxe5 16. Ndxe4 Bxe4 17. Nxe4 Qxd1 18. Rfxd1 Bxb2 19. Rb1 Rc2 20. Rd2
Rxd2 21. Nxd2 Be5 22. Nf3 Bc3 23. Rxb7 a5 24. g4 Rd8 25. Ng5 Rd2 26. a4 Ra2 27.
Nxf7 Rxa4 28. Nh6+ Kf8 29. Rf7+ Ke8 30. Rxh7 Rc4 31. Ra7 a4 32. g5 Bb2 33. Ng4
a3 34. Kg2 Kd8 35. f4 Kc8 36. Ne5 Rc2+ 37. Kf3 Kb8 38. Ra4 Kb7 39. Nxg6 Rc6 40.
Ne7 Ra6 41. Rb4+ Kc7 42. Nd5+ Kd6 43. Rxb2 axb2 44. Nc3 Ra3 45. Nb5+ Kc5 46.
Nxa3 Kb4 47. Nb1 1-0

[Event "Mondiale Lampo FIDE 2017"]
[Site "Riyadh"]
[Date "29.12.2017"]
[Round "5.48"]
[White "Ganguly, Surya Shekhar"]
[Black "Khismatullin, Denis"]
[Result "0-1"]
[WhiteTitle "GM"]
[BlackTitle "GM"]
[WhiteElo "2650"]
[BlackElo "2632"]
[WhiteFideId "5002150"]
[BlackFideId "4142578"]
[EventDate "2017.12.29"]

1. c4 e5 2. Nc3 Nf6 3. Nf3 Nc6 4. e3 Bb4 5. Qc2 d6 6. d3 O-O 7. Be2 a6 8. O-O
Bc5 9. a3 Ba7 10. b4 Ne7 11. Bb2 Ng6 12. d4 exd4 13. Nxd4 Re8 14. Rfd1 Bg4 15.
c5 Rc8 16. h3 Bxe2 17. Ncxe2 Ne5 18. Nf5 d5 19. Neg3 Bb8 20. f4 Nc4 21. Bd4 Re6
22. Qc3 c6 23. Nxg7 Kxg7 24. Nh5+ Kg6 25. f5+ Kxh5 26. fxe6 Ne4 27. Qc2 Qg5 28.
Rf1 f5 29. Rxf5 Qxf5 30. g4+ Kh4 31. gxf5 Rg8+ 32. Kf1 Ng3+ 33. Ke1 Ne4 34. Qd3
Rg1+ 35. Ke2 Rg2+ 36. Kf1 Rf2+ 37. Ke1 Bg3 38. Bf6+ Nxf6 39. Qd4+ Ne4 40. Qh8
Rg2+ 41. Kf1 Nxe3# 0-1